| 000 | 03236nam a2200325Ia 4500 | ||
|---|---|---|---|
| 999 |
_c55094 _d55094 |
||
| 001 | 22169 | ||
| 003 | GE_BSU | ||
| 005 | 20221005110608.0 | ||
| 008 | 181216s2017||||ge |||||||||||||| ||geo|| | ||
| 020 | _a9789941468407 | ||
| 040 | _cGE_BSU | ||
| 041 | _ageo | ||
| 080 | _a821.353.1(092) მ-74 | ||
| 245 |
_aმიქაელ მოდრეკილის რტო = Mikael Modrekili's Branch : _b[სამეცნიერო-პოპულარული კრებული] / _cივანე ჯავახიშვილის სახ. თბილისის სახელმწ. უნ-ტი, კლასიკური ფილოლოგიის, ბიზანტინისტიკისა და ნეოგრეცისტიკის ინ-ტი, გიორგი წერეთლის სახ. აღმოსავლეთმცოდნეობის ინ-ტი, არნოლდ ჩიქობავას სახ. ენათმეცნიერების ინ-ტი, თბილისის სასულიერო აკადემია და სემინარია ; მთ. რედაქტორი იზა ჩანტლაძე. |
||
| 264 |
_aთბილისი : _bლოგოსი, _c2017. |
||
| 300 |
_a528 გვ. : _bფოტ. ; _c 26 სმ. |
||
| 500 | _aწიგნი ეძღვნება ლიანა და ჯემალ კვირიკაშვილებს. მომზადდა არნოლდ ჩიქობავას სახ. ენათმეცნიერების ინსტიტუტში. | ||
| 520 | _aწიგნი ეძღვნება ლიანა და ჯემალ კვირიკაშვილებს. პარალ სათ. ინგ. ენაზე. | ||
| 541 | _h25 ლ. | ||
| 653 | _aკვირიკაშვილი, ლიანა, 1939-2015. | ||
| 653 | _aქართველი ბიზანტიოლოგები | ||
| 653 | _aბიზანტიური ჰიმნოგრაფიის ისტორია და კრიტიკა | ||
| 653 | _aგამოჩენილ ქართველ ადამიანთა ბიოგრაფიები | ||
| 653 | _aქართული მემუარული ლიტერატურა | ||
| 700 |
_aჩანტლაძე, იზა _eრედაქტორი _915051 |
||
| 710 |
_aივანე ჯავახიშვილის სახ. თბილისის სახელმწ. უნ-ტი. კლასიკური ფილოლოგიის, ბიზანტინისტიკისა და ნეოგრეცისტიკის ინ-ტი _913901 |
||
| 710 |
_aგიორგი წერეთლის სახ. აღმოსავლეთმცოდნეობის ინ-ტი. არნოლდ ჩიქობავას სახ. ენათმეცნიერების ინ-ტი _915052 |
||
| 710 |
_aთბილისის სასულიერო აკადემია და სემინარია. _915053 |
||
| 942 |
_cBK _2udc |
||